| 000 | 00457nam a2200169 a 4500 | ||
|---|---|---|---|
| 001 | 000032995 | ||
| 005 | 20200930065948.0 | ||
| 008 | 110805s1916 dr 000 0 spa d | ||
| 040 |
_aDO-SdBNP _bspa _cBNPHU |
||
| 082 |
_axxx _bG241s, 1916 |
||
| 100 | 1 |
_aGarrido, Miguel A. _958396 |
|
| 245 | 1 | 0 |
_aSiluetas / _cMiguel A. Garrido. |
| 250 | _a2a ed. | ||
| 260 |
_aSanto Domingo : _bEl progreso, _c1916. |
||
| 300 |
_a252 p. : _bretr. ; _c21 cm. |
||
| 049 | _aBNPD | ||
| 999 |
_c32486 _d32486 |
||